000 01135cam a2200337 i 4500
001 41724
003 Mx-PuUPA
005 20251001133436.0
008 140415s2001 mx a gr 001 0 spa d
020 _a9706906088
040 _cMx-PuUPA
_aMx-PuUPA
_bspa
_dMx-PuUPA
_erda
041 1 _aspa
_heng
100 1 _aBloch, Arthur,
_d1948-
_917412
_eautor
240 1 0 _aMurphy's Law for Workers.
_lEspañol
245 1 3 _aLa ley de Murphy para trabajadores /
_cArthur Bloch ; traducción, Ana Mendoza
250 _aPrimera edición /
_bnoviembre
264 1 _aMadrid, España :
_bTemas de Hoy,
_c2001
300 _a198 páginas :
_bilustraciones ;
_c21 cm
336 _2rdacontent
_atexto
_btxt
337 _2rdamedia
_asin medio
_bn
338 _2rdacarrier
_avolumen
_bnc
490 0 _aHumor
650 7 _2armarc
_aTrabajadores
_xHumor
650 7 _2armarc
_aNegocios
_xHumor
700 1 _aMendoza, Ana,
_etraductor
765 1 _aBloch, Arthur
_tMurphy's Law for Workers
942 _2ddc
_cLI
_h818.5402
_iB6518
999 _c41724
_d41724